Catálogo

HACIA UNA NUEVA ARQUITECURA FINANCIERA INTERNACIONAL : (Registro nro. 39177)

Detalles MARC
000 -LEADER
fixed length control field 00971nam a2200217 a 4500
001 - CONTROL NUMBER
control field 39177
005 - DATE AND TIME OF LATEST TRANSACTION
control field 20180714012647.0
008 - FIXED-LENGTH DATA ELEMENTS--GENERAL INFORMATION
fixed length control field 140415s2000 mx 000 0 spa d
020 ## - INTERNATIONAL STANDARD BOOK NUMBER
International Standard Book Number 9706135480
041 ## - LANGUAGE CODE
Language code of text/sound track or separate title spa
082 ## - DEWEY DECIMAL CLASSIFICATION NUMBER
Classification number 332.09049
Item number EIC
100 1# - MAIN ENTRY--PERSONAL NAME
Personal name EICHENGREEN, BARRY
245 10 - TITLE STATEMENT
Title HACIA UNA NUEVA ARQUITECURA FINANCIERA INTERNACIONAL :
Remainder of title PROPUESTA DESPUES DE LA CRISIS ASIATICA
250 ## - EDITION STATEMENT
Edition statement 1a ed.
260 ## - PUBLICATION, DISTRIBUTION, ETC.
Place of publication, distribution, etc. MEXICO :
Name of publisher, distributor, etc. OXFORD UNIVERSITY PRESS MEXICO,
Date of publication, distribution, etc. 2000
300 ## - PHYSICAL DESCRIPTION
Extent 219
Dimensions x 16.5 x 24
520 ## - SUMMARY, ETC.
Summary, etc. ESTE LIBRO OFRECE UNA EVALUACIÓN CRÍTICA DE LAS PROPUESTAS QUE COMPITEN ENTRE SÍ PARA PREDECIR MEJOR, ANTICIPAR Y RESOLVER LAS CRISIS FINANCIERAS INTERNACIONALES; A LA VEZ QUE ESBOZA UN PROGRAMA PRÁCTICO PARA EMPRENDER LA REFORMA.
650 14 - SUBJECT ADDED ENTRY--TOPICAL TERM
Topical term or geographic name entry element ECONOMIA
General subdivision FINANZAS INTERNACIONALES
-- RELACIONES INTERNACINALES
700 1# - ADDED ENTRY--PERSONAL NAME
Personal name LÓPEZ HERNÁNDEZ, SERGIO GERARDO
Relator term tr.
740 ## - ADDED ENTRY--UNCONTROLLED RELATED/ANALYTICAL TITLE
Uncontrolled related/analytical title TOWARD A NEW INTERNATIONAL FINANCIAL ARCHITECTURE
Existencias
Withdrawn status Lost status Source of classification or shelving scheme Damaged status Not for loan Collection code Home library Current library Shelving location Date acquired Source of acquisition Inventory number Total Checkouts Full call number Barcode Date last seen Date last checked out Price effective from Koha item type
    Dewey Decimal Classification     General Biblioteca Karol Wojtyla Biblioteca Karol Wojtyla Sala general 03/12/2013 Compra 151000000000000000049221 1 332.09049 EIC 58869 05/01/2026 13/05/2025 03/12/2013 Libro